000 00340 a2200157 4500
001 15673
020 _a9788587779618
040 _cAnchieta - Bela Vista
100 _aSouza, Giovani Torres de
240 1 0 _aEmpreendedorismo
_lpor
245 1 0 _aEmpreendedorismo
300 _a64
362 0 _a2015
650 4 _aEducação
942 _cBK
999 _c15673
_d15673